[Event "Prague Holiday M21"]
[Site "Prague"]
[Date "2015.07.28"]
[Round "4"]
[White "Rothman, Peter"]
[Black "Spindler, Markus"]
[Result "1-0"]
[WhiteElo "2106"]
[BlackElo "2034"]
[PlyCount "101"]
[EventDate "2015.07.26"]
[EventType "tourn"]
[EventRounds "9"]
[EventCountry "CZE"]
[SourceTitle "EXT 2017"]
[Source "ChessBase"]
[SourceDate "2016.10.25"]
[SourceVersion "1"]
[SourceVersionDate "2016.10.25"]
[SourceQuality "1"]

1. d4 e6 2. Nf3 d5 3. c4 f5 4. Nc3 Nf6 5. Bg5 c6 6. e3 Bd6 7. Be2 0-0 8. 0-0 Qe8 9. Qc2 Nbd7 10. Rab1 Ne4 11. Bf4 Ndf6 12. b4 Bd7 13. a4 h6 14. Bxd6 Nxd6 15. Ne5 dxc4 16. Nxc4 Nxc4 17. Bxc4 Nd5 18. Ne2 b5 19. axb5 cxb5 20. Bxd5 exd5 21. Qc5 g5 22. Rfe1 Qe6 23. Qc7 Rfc8 24. Qg3 Kh7 25. h4 Rg8 26. Rbc1 Qe7 27. Rc7 Rg7 28. Qe5 Qxb4 29. Rec1 Qe7 30. Qxd5 Rd8 31. Rxa7 f4 32. Qe5 Qxe5 33. dxe5 fxe3 34. Rcc7 exf2+ 35. Kf1 Re7 36. hxg5 hxg5 37. e6 Rxe6 38. Rxd7+ Rxd7 39. Rxd7+ Kg6 40. Rb7 Rf6 41. Rxb5 Kh5 42. Ng3+ Kh4 43. Ne4 Ra6 44. Kxf2 Ra2+ 45. Kg1 Re2 46. Nxg5 Kg4 47. Kh2 Re3 48. Nf3 Re8 49. Rb4+ Kh5 50. g4+ Kg6 51. Kg3 1-0

[Event "Prague Holiday M21"]
[Site "Prague"]
[Date "2015.07.27"]
[Round "3"]
[White "Novak, Jindrich"]
[Black "Rothman, Peter"]
[Result "1-0"]
[WhiteElo "2138"]
[BlackElo "2106"]
[PlyCount "105"]
[EventDate "2015.07.26"]
[EventType "tourn"]
[EventRounds "9"]
[EventCountry "CZE"]
[SourceTitle "EXT 2017"]
[Source "ChessBase"]
[SourceDate "2016.10.25"]
[SourceVersion "1"]
[SourceVersionDate "2016.10.25"]
[SourceQuality "1"]

1. d4 d5 2. Nf3 Nf6 3. Bf4 c6 4. c3 Bf5 5. e3 Qb6 6. Qb3 h6 7. Nbd2 Nbd7 8. Ne5 g5 9. Nxd7 Nxd7 10. Bg3 Bg7 11. c4 a6 12. cxd5 cxd5 13. Rc1 0-0 14. Bc7 Qxb3 15. Nxb3 Rfc8 16. Kd2 e5 17. Bd3 Be6 18. Rc2 exd4 19. exd4 Nb8 20. Bxb8 Raxb8 21. Rxc8+ Rxc8 22. Rc1 Rxc1 23. Kxc1 Kf8 24. Kd2 Ke7 25. Ke3 Kd6 26. Nc5 Bc8 27. Bh7 b6 28. Nd3 a5 29. f3 Ba6 30. Nf2 f6 31. g3 Bc4 32. b3 Bb5 33. g4 Bf8 34. Nh1 Bd7 35. Ng3 Kc6 36. Bg8 Bd6 37. Nh5 f5 38. Nf6 fxg4 39. Bxd5+ Kc7 40. fxg4 Bxh2 41. Bf3 Be6 42. Bd5 Bd7 43. Bf7 Kd6 44. Bh5 Be6 45. Ke4 a4 46. d5 axb3 47. axb3 Bc8 48. Ng8 Kc5 49. Nxh6 Bf4 50. Bg6 Bb7 51. Bf7 Ba8 52. Nf5 Bb7 53. Be6 1-0

[Event "Prague Holiday K21"]
[Site "Prague"]
[Date "2013.07.22"]
[Round "3"]
[White "Rothman, Peter"]
[Black "Schimmer, Michael"]
[Result "1-0"]
[WhiteElo "2173"]
[BlackElo "1829"]
[PlyCount "67"]
[EventDate "2013.07.21"]
[EventType "tourn"]
[EventRounds "9"]
[EventCountry "CZE"]
[SourceTitle "EXT 2023"]
[Source "ChessBase"]
[SourceDate "2022.10.05"]
[SourceVersion "1"]
[SourceVersionDate "2022.10.05"]
[SourceQuality "1"]

1. d4 Nf6 2. Nf3 c5 3. d5 e6 4. c4 exd5 5. cxd5 d6 6. Nc3 g6 7. e4 Bg7 8. Bd3 Bg4 9. Qa4+ Bd7 10. Qc2 0-0 11. 0-0 Na6 12. Bxa6 bxa6 13. h3 Re8 14. Bf4 Qc7 15. Rfe1 Nh5 16. Bh2 f5 17. Qd2 f4 18. Bxf4 Nxf4 19. Qxf4 Rf8 20. Qg3 Rf7 21. e5 dxe5 22. Nxe5 Bxe5 23. Rxe5 Raf8 24. Ne4 Qb8 25. Qc3 Bxh3 26. Ng5 Rxf2 27. Qxh3 h5 28. Re6 R2f6 29. Qc3 Qf4 30. Nf3 h4 31. Rxf6 Rxf6 32. Qe5 h3 33. Qxf4 Rxf4 34. Rd1 1-0